May 14th: Birthdays - Statistics

General Stats
  • This quiz has been taken 17 times
  • The average score is 2 of 7
Answer Stats
Year Clue Answer % Correct
1944 Star Wars director George Lucas
87%
1984 Co-founder of Facebook Mark Zuckerburg
67%
1993 Actress in ICarly Miranda Cosgrove
33%
1969 Actress in Lord of the Rings Cate Blanchett
13%
1922 President of Croatia Franjo Tuđman
13%
1955 First Nicaraguan to play in the majors Dennis Martínez
0%
1868 German physician and gay rights advocate Magnus Hirschfeld
0%
No matching quizzes found
Score Distribution
Percent of People with Each Score
Percentile by Number Answered
Your Score History
You have not taken this quiz